000 00862cam a2200265 4500
008 090401t1991 xxu||||| |||| 00| 0 eng d
020 _a0862972132
035 _a(Sirsi) u9831
041 _aeng
050 _a346.4104342
110 _aNational Federation of Housing Associations
_9959
245 _aAgreements, plain and simple.
260 _aLondon
_bNational Federation of Housing Associati
_c1991
300 _av,35p. ; 30cm.
350 _a7.95
650 _aASSURED TENANCIES
650 _aHOUSING ASSOCIATIONS
650 _aLICENCE AGREEMENTS
650 _aMODEL AGREEMENTS
650 _aPROPERTY-RESIDENTIAL PROPERTY-RESIDENTIAL LANDLORD AND TENANT-RESIDENTIAL TENANCIES
650 _aSHARED HOUSING
690 _aPROPERTY-RESIDENTIAL PROPERTY-RESIDENTIAL LANDLORD AND TENANT-RESIDENTIAL TENANCIES
942 _n0
948 _c04/03/1997
999 _c86671
_d86671